| 000 | 00611nam a2200157 a 4500 | ||
|---|---|---|---|
| 001 | 000035854 | ||
| 005 | 20200930074652.0 | ||
| 008 | 111115s1955 cu c 000 0 spa d | ||
| 040 |
_aDO-SdBNP _bspa _cBNPHU |
||
| 082 |
_axxxx _bU58p |
||
| 110 | 2 |
_aUniversidad de Oriente (Santiago de Cuba, Cuba). _bDepartamento de Extensión y Relaciones Culturales. _961834 |
|
| 245 | 1 | 0 |
_aPensamiento y acción de José Martí : _bconferencias y ensayos ofrecidos con motivo del 1. centenario de su nacimiento. |
| 260 |
_aSantiago, Cuba : _bUniversidad de Oriente, _c1955. |
||
| 300 |
_a432 p. : _bil. ; _c23 cm. |
||
| 049 | _aBNGR | ||
| 999 |
_c35345 _d35345 |
||